000 01268nam a2200325 i 4500
001 bg
003 BPK
005 20191004124439.0
008 000114s1981 pl a f f |000 0 pol
015 _aPB 1981/2017
040 _aWA N
_cBPK
041 0 _apol
080 _a621
080 _a(083)
080 _a(075.8)
100 1 _aKarpiński, Tadeusz
_d(1936- )
_eAutor
245 1 0 _aTechnologia budowy maszyn :
_bmateriały pomocnicze do projektowania uchwytów obróbkowych /
_cTadeusz Karpiński, Michał Kozłowski ; Wyższa Szkoła Inżynierska w Koszalinie.
250 _a[Wyd. 2 popr. i uzup.].
260 _aKoszalin :
_bWydaw. Uczelniane WSI,
_c1981.
300 _a283 s. :
_bil., tab., wykr. ;
_c24 cm.
490 1 _aSkrypty / WSI.
504 _aBibliogr. s. 288.
650 4 _aMaszyny
_xtechnologia.
655 4 _aPodręczniki akademickie
710 2 _aWydawnictwo Uczelniane (Wyższa Szkoła Inżynierska ; Koszalin)
_bWydawnictwo Uczelniane.
_4pbl.
700 1 _aKozłowski, Michał
_c(nauki techniczne)
_eAutor
830 0 _aSkrypty - Wyższa Szkoła Inżynierska w Koszalinie
942 _2UKD
_cKS
856 _uhttp://koha.tu.koszalin.pl/cgi-bin/koha/opac-detail.pl?biblionumber=980
_yKatalog online BPK
999 _c980
_d980